[Event "British Rapidplay"]
[Site "Peterborough"]
[Date "2025.03.02"]
[Round "10"]
[White "Yoon, Jacob D"]
[Black "Deva, Chetan"]
[Result "1-0"]
[WhiteElo "2251"]
[BlackElo "2181"]
[PlyCount "65"]
[EventDate "2025.03.01"]
[EventType "swiss (rapid)"]
[EventRounds "11"]
[EventCountry "ENG"]
[SourceTitle "CB10_2025"]
[SourceDate "2025.03.05"]
[SourceVersion "1"]
[SourceVersionDate "2025.03.05"]
[SourceQuality "1"]

1. d4 e6 2. c4 f5 3. Nc3 b6 4. a3 Bb7 5. d5 Be7 6. g3 Nf6 7. Bg2 e5 8. Nf3 d6 9. Qc2 Bc8 10. 0-0 0-0 11. b4 a5 12. Bd2 Qe8 13. bxa5 bxa5 14. Nb5 Bd8 15. Rab1 Qh5 16. c5 f4 17. cxd6 Bf5 18. Qb3 cxd6 19. Rbc1 fxg3 20. fxg3 Bb6+ 21. e3 Bc5 22. Rxc5 dxc5 23. Nxe5 Ra6 24. d6+ Kh8 25. Bc3 Bd7 26. g4 Qe8 27. Nc7 Qc8 28. Nf7+ Rxf7 29. Qxf7 Rxd6 30. Rxf6 gxf6 31. Bxf6+ Rxf6 32. Qxf6+ Kg8 33. Bd5+ 1-0

[Event "British Rapidplay"]
[Site "Peterborough"]
[Date "2025.03.01"]
[Round "6"]
[White "Yoon, Jacob D"]
[Black "Brocklehurst, Andrew"]
[Result "1-0"]
[WhiteElo "2251"]
[BlackElo "1856"]
[PlyCount "73"]
[EventDate "2025.03.01"]
[EventType "swiss (rapid)"]
[EventRounds "11"]
[EventCountry "ENG"]
[SourceTitle "CB10_2025"]
[SourceDate "2025.03.05"]
[SourceVersion "1"]
[SourceVersionDate "2025.03.05"]
[SourceQuality "1"]

1. d4 Nf6 2. Nc3 d6 3. e4 g6 4. Be3 Bg7 5. f3 0-0 6. Qd2 e5 7. Nge2 Nc6 8. 0-0-0 b5 9. g4 b4 10. Nb1 Nxd4 11. Nxd4 exd4 12. Bxd4 c5 13. Be3 Bxg4 14. fxg4 Nxg4 15. Bg5 Qa5 16. Bc4 Ne5 17. Qd5 Nf3 18. Bf4 Rad8 19. Nd2 Nd4 20. Kb1 Qb6 21. h4 a5 22. h5 Ne6 23. Be3 a4 24. hxg6 hxg6 25. Bh6 a3 26. Bxg7 Kxg7 27. Qd3 axb2 28. Bxe6 fxe6 29. Qh3 Rh8 30. Qxe6 Rde8 31. Qd7+ Kf6 32. Rdf1+ Kg5 33. Nf3+ Kf4 34. Qf7+ Ke3 35. Re1+ Kf2 36. Ng5+ Kg2 37. Qf3# 1-0

[Event "BCF-chT 2425 (4NCL)"]
[Site "England"]
[Date "2025.02.16"]
[Round "6.53"]
[White "Yoon, Jacob D"]
[Black "Maycock Bates, David Henry"]
[Result "1/2-1/2"]
[WhiteElo "2264"]
[BlackElo "2284"]
[PlyCount "123"]
[EventDate "2024.11.23"]
[EventType "team-swiss"]
[EventRounds "11"]
[EventCountry "ENG"]
[SourceTitle "CB14_2025"]
[SourceDate "2024.11.01"]
[SourceVersion "1"]
[SourceVersionDate "2024.11.01"]
[SourceQuality "1"]
[WhiteTeam "Barnet Knights"]
[BlackTeam "CSC/Kingston"]
[WhiteTeamCountry "ENG"]
[BlackTeamCountry "ENG"]

1. d4 Nf6 2. c4 e6 3. g4 d5 4. g5 Ne4 5. Bg2 Bb4+ 6. Kf1 Be7 7. h4 f5 8. Nc3 c6 9. Bf4 Nd7 10. Rc1 Nf8 11. Be5 Kf7 12. e3 h6 13. Nxe4 fxe4 14. g6+ Nxg6 15. Qh5 Qe8 16. f3 Rf8 17. fxe4 Kg8+ 18. Ke1 Nf4 19. Qg4 Nd3+ 20. Kd2 Nxe5 21. dxe5 Qd8 22. Kc2 dxc4 23. Rd1 Qa5 24. Ne2 Qxe5 25. Nf4 Bf6 26. Rd4 Qc5 27. e5 Bxe5 28. Be4 Rxf4 29. Rd8+ Rf8 30. Rf1 Rxd8 31. Qg6 Rd2+ 32. Kxd2 c3+ 33. Kc2 cxb2+ 34. Kb1 Qc1+ 35. Rxc1 bxc1Q+ 36. Kxc1 Bd7 37. Qh5 Bf6 38. Bg6 Be7 39. Bf7+ Kf8 40. Qf3 Bf6 41. Bg6 Ke7 42. h5 Rc8 43. Kb1 b6 44. e4 Be5 45. Qa3+ c5 46. Qxa7 b5 47. Kc2 b4 48. Qa5 Kd6 49. Qa6+ Ke7 50. Qa5 Rc7 51. Qa8 Bc6 52. Qa5 Kd6 53. Qb6 Rc8 54. Kb3 Ra8 55. Kc4 Bd4 56. Bf7 Rc8 57. Bg6 Ke5 58. Qa6 Rc7 59. Qb6 Rc8 60. Qa6 Rc7 61. Qb6 Rc8 62. Qa6 1/2-1/2

[Event "BCF-chT 2425 (4NCL)"]
[Site "England"]
[Date "2024.11.24"]
[Round "2.65"]
[White "Foisor, Mihaela Veronica"]
[Black "Yoon, Jacob D"]
[Result "1/2-1/2"]
[WhiteElo "2156"]
[BlackElo "2270"]
[PlyCount "168"]
[EventDate "2024.11.23"]
[EventType "team-swiss"]
[EventRounds "11"]
[EventCountry "ENG"]
[SourceTitle "CB48_2024"]
[SourceDate "2024.11.28"]
[SourceVersion "1"]
[SourceVersionDate "2024.11.28"]
[SourceQuality "1"]
[WhiteTeam "The Sharks II"]
[BlackTeam "Barnet Knights"]
[WhiteTeamCountry "ENG"]
[BlackTeamCountry "ENG"]

1. c4 c6 2. d4 d5 3. e3 Nf6 4. Nc3 a6 5. a4 Bf5 6. Nf3 e6 7. Bd3 Bxd3 8. Qxd3 Bb4 9. 0-0 Nbd7 10. Bd2 0-0 11. Nxd5 exd5 12. Bxb4 Re8 13. Nd2 Re6 14. Rae1 dxc4 15. Nxc4 b5 16. axb5 axb5 17. Nd2 Nd5 18. Bc5 Nxc5 19. dxc5 Qf6 20. Qd4 Qe7 21. b4 Rd8 22. Qb2 Qh4 23. Nf3 Qxb4 24. Qxb4 Nxb4 25. Nd4 Rf6 26. Ra1 h6 27. Ra3 Kh7 28. Rb1 Nd5 29. g3 Nc7 30. Ra7 Nd5 31. Rb3 Rc8 32. Kg2 Nc7 33. Rba3 Kg8 34. Rb7 Ne6 35. Nxe6 Rxe6 36. Raa7 Rf8 37. Rc7 g5 38. Ra6 Kg7 39. Raxc6 Rxc6 40. Rxc6 b4 41. Rb6 Rc8 42. Rb5 b3 43. g4 b2 44. Rxb2 Rxc5 45. Kg3 Rc1 46. f4 Rg1+ 47. Kf3 Ra1 48. Rd2 Ra4 49. Rd5 Kg6 50. Rd4 Ra2 51. h3 Rh2 52. Rd6+ Kg7 53. Kg3 Re2 54. Rd3 Re1 55. Kf2 Rh1 56. Kg2 Re1 57. Rd5 Kg6 58. Re5 Re2+ 59. Kf3 Rh2 60. Kg3 Re2 61. h4 gxf4+ 62. exf4 Ra2 63. h5+ Kg7 64. g5 hxg5 65. fxg5 Ra1 66. Re4 Ra5 67. Kg4 Rb5 68. Ra4 Rb1 69. h6+ Kg8 70. Ra8+ Kh7 71. Kf5 Rf1+ 72. Ke5 Rf2 73. Rf8 Rf1 74. Rb8 Rf2 75. Rb6 Kg8 76. Rb4 Rf1 77. Rf4 Ra1 78. Kf5 Ra5+ 79. Kg4 Ra1 80. Re4 Rf1 81. Kh5 Rh1+ 82. Rh4 Rg1 83. Rf4 Rh1+ 84. Kg4 Ra1 1/2-1/2

[Event "Titled Tuesday intern op 17th Sep Late"]
[Site "Chess,com INT"]
[Date "2024.09.17"]
[Round "1"]
[White "Pershin, Denis"]
[Black "Yoon, Jacob D"]
[Result "1-0"]
[WhiteElo "2358"]
[BlackElo "2270"]
[PlyCount "57"]
[EventDate "2024.09.17"]
[EventType "swiss (blitz)"]
[EventRounds "11"]
[EventCountry "USA"]
[SourceTitle "EXT 2025"]
[Source "ChessBase"]
[SourceDate "2024.10.14"]
[SourceVersion "1"]
[SourceVersionDate "2024.10.14"]
[SourceQuality "1"]

1. d4 g6 2. e4 Bg7 3. Nc3 d6 4. Nf3 Nf6 5. Be2 0-0 6. 0-0 Nc6 7. h3 e5 8. Be3 Qe7 9. Re1 exd4 10. Nxd4 Nxe4 11. Nxe4 Qxe4 12. Bf3 Qh4 13. Nxc6 bxc6 14. Bxc6 Rb8 15. Bxa7 Rxb2 16. a4 Bf5 17. Re2 Rxc2 18. Rc1 Rxc1 19. Qxc1 Bd4 20. Bxd4 Qxd4 21. a5 Bd3 22. Rd2 Qc4 23. Qxc4 Bxc4 24. Bb7 Re8 25. Rd1 Re2 26. Ra1 d5 27. a6 Bxa6 28. Bxa6 c5 29. Bxe2 1-0

[Event "Titled Tuesday intern op 17th Sep Early"]
[Site "Chess,com INT"]
[Date "2024.09.17"]
[Round "9"]
[White "Yoon, Jacob D"]
[Black "Charvi, A."]
[Result "1-0"]
[WhiteElo "2270"]
[BlackElo "1944"]
[PlyCount "63"]
[EventDate "2024.09.17"]
[EventType "swiss (blitz)"]
[EventRounds "11"]
[EventCountry "USA"]
[SourceTitle "EXT 2025"]
[Source "ChessBase"]
[SourceDate "2024.10.14"]
[SourceVersion "1"]
[SourceVersionDate "2024.10.14"]
[SourceQuality "1"]

1. e4 c5 2. b3 d6 3. Bb2 Nf6 4. Nc3 g6 5. Nf3 Bg7 6. d4 cxd4 7. Nxd4 0-0 8. Qd2 Nc6 9. 0-0-0 Qa5 10. Kb1 Nxd4 11. Qxd4 Ng4 12. Qd2 Nxf2 13. Qxf2 Bxc3 14. Bc4 Bxb2 15. Kxb2 Qe5+ 16. Kb1 Be6 17. Bd5 Bxd5 18. exd5 a5 19. Rhe1 Qg7 20. Rxe7 a4 21. Rxb7 axb3 22. cxb3 Qe5 23. Qd4 Qe2 24. Qd2 Qe4+ 25. Kb2 Rfc8 26. Re1 Qf5 27. a4 Rc5 28. Rbe7 Qf6+ 29. Ka3 Kg7 30. Qe2 Rac8 31. Rf1 Rc2 32. Rxf6 1-0

[Event "Titled Tuesday intern op 17th Sep Late"]
[Site "Chess,com INT"]
[Date "2024.09.17"]
[Round "2"]
[White "Yoon, Jacob D"]
[Black "Paragua, Megan Althea"]
[Result "0-1"]
[WhiteElo "2270"]
[BlackElo "2190"]
[PlyCount "82"]
[EventDate "2024.09.17"]
[EventType "swiss (blitz)"]
[EventRounds "11"]
[EventCountry "USA"]
[SourceTitle "EXT 2025"]
[Source "ChessBase"]
[SourceDate "2024.10.14"]
[SourceVersion "1"]
[SourceVersionDate "2024.10.14"]
[SourceQuality "1"]

1. d4 Nf6 2. Nc3 d5 3. Bf4 e6 4. Nb5 Na6 5. e3 Be7 6. Nf3 0-0 7. Bd3 c5 8. c3 c4 9. Bc2 Bd7 10. a4 Bxb5 11. axb5 Nc7 12. b6 axb6 13. Rxa8 Nxa8 14. Ne5 Nc7 15. g4 Nd7 16. Nf3 b5 17. g5 b4 18. h4 bxc3 19. bxc3 Nb5 20. h5 Nxc3 21. Qc1 Ne4 22. Bxe4 dxe4 23. Nd2 Bb4 24. Qxc4 Qa5 25. g6 Qa1+ 26. Ke2 Qxh1 27. Qxb4 Qxh5+ 28. Ke1 Qxg6 29. Qe7 Nf6 30. Nc4 Nd5 31. Qxb7 Nxf4 32. exf4 Qg1+ 33. Ke2 Qg4+ 34. Ke1 Qxf4 35. Ne5 e3 36. fxe3 Qxe3+ 37. Kf1 Qxd4 38. Nd7 Rd8 39. Nb6 Qf4+ 40. Ke1 Qe3+ 41. Kf1 Rd1+ 0-1

[Event "Darlington Northumbria op"]
[Site "Darlington"]
[Date "2024.08.22"]
[Round "1"]
[White "Yoon, Jacob D"]
[Black "Wadsworth, Matthew J"]
[Result "1/2-1/2"]
[WhiteElo "2118"]
[BlackElo "2464"]
[PlyCount "56"]
[EventDate "2024.08.22"]
[EventType "swiss"]
[EventRounds "9"]
[EventCountry "ENG"]
[SourceTitle "CBM 221 Extra"]
[Source "ChessBase"]
[SourceDate "2024.09.30"]
[SourceVersion "1"]
[SourceVersionDate "2024.09.30"]
[SourceQuality "1"]

1. d4 Nf6 2. Nf3 e6 3. c4 b6 4. g3 Bb7 5. Bg2 Be7 6. Nc3 0-0 7. 0-0 Ne4 8. Qc2 Nxc3 9. Qxc3 d6 10. Re1 Nd7 11. e4 e5 12. Qc2 Bf6 13. Be3 Qe7 14. Rad1 a5 15. dxe5 dxe5 16. h4 Nc5 17. Nh2 Ne6 18. Ng4 Rad8 19. Nxf6+ Qxf6 20. c5 bxc5 21. Bxc5 Rxd1 22. Rxd1 Rd8 23. Rxd8+ Qxd8 24. Qc3 g5 25. hxg5 Qd1+ 26. Kh2 Qh5+ 27. Kg1 Qd1+ 28. Kh2 Qh5+ 1/2-1/2

[Event "BCF-ch Major"]
[Site "Hull"]
[Date "2024.08.03"]
[Round "8"]
[White "Fava, Lorenzo"]
[Black "Yoon, Jacob D"]
[Result "1-0"]
[WhiteElo "2161"]
[BlackElo "2118"]
[PlyCount "85"]
[EventDate "2024.07.27"]
[EventType "swiss"]
[EventRounds "9"]
[EventCountry "ENG"]
[SourceTitle "CBM 221 Extra"]
[Source "ChessBase"]
[SourceDate "2024.09.30"]
[SourceVersion "1"]
[SourceVersionDate "2024.09.30"]
[SourceQuality "1"]

1. Nf3 d5 2. c4 c6 3. e3 Nf6 4. Nc3 a6 5. b3 Bg4 6. Be2 e6 7. Bb2 Bd6 8. h3 Bh5 9. d4 Ne4 10. Nxe4 dxe4 11. Nd2 Bxe2 12. Qxe2 f5 13. 0-0-0 Nd7 14. f3 exf3 15. gxf3 Qa5 16. Kb1 0-0-0 17. Rhg1 g6 18. c5 Be7 19. Nc4 Qc7 20. Bc3 Rde8 21. e4 Rhf8 22. e5 Qb8 23. Ba5 Qa8 24. a4 Bd8 25. b4 Bxa5 26. Nd6+ Kb8 27. bxa5 Ka7 28. Ka2 Qd8 29. Qd2 Re7 30. Rb1 Nb8 31. Rb6 Rff7 32. Qg5 Qf8 33. Rgb1 Ka8 34. Qe3 Rc7 35. Qb3 Qe7 36. Qc4 Rg7 37. Rxb7 Rxb7 38. Rxb7 Qg5 39. Rxg7 Qd2+ 40. Ka3 Qe3+ 41. Qb3 Qc1+ 42. Qb2 Qe3+ 43. Ka2 1-0

[Event "BCF-ch Major"]
[Site "Hull"]
[Date "2024.08.01"]
[Round "6"]
[White "Yoon, Jacob D"]
[Black "Jaunooby, Ali Reza"]
[Result "1/2-1/2"]
[WhiteElo "2118"]
[BlackElo "2145"]
[PlyCount "96"]
[EventDate "2024.07.27"]
[EventType "swiss"]
[EventRounds "9"]
[EventCountry "ENG"]
[SourceTitle "CBM 221 Extra"]
[Source "ChessBase"]
[SourceDate "2024.09.30"]
[SourceVersion "1"]
[SourceVersionDate "2024.09.30"]
[SourceQuality "1"]

1. e4 e5 2. Nf3 Nf6 3. Nxe5 Nxe4 4. d4 d5 5. Bd3 Bd6 6. 0-0 0-0 7. c4 c6 8. Re1 Bxe5 9. dxe5 Nc5 10. Nc3 d4 11. Ne4 Nxe4 12. Bxe4 f5 13. Bf3 Be6 14. b3 Qb6 15. Ba3 c5 16. Bd5 Na6 17. Qf3 Rf7 18. Rab1 Re8 19. Re2 Nc7 20. Bxb7 Bxc4 21. Rc2 Rxe5 22. Rxc4 Nb5 23. Bxc5 Qxb7 24. Qxb7 Rxb7 25. Bxd4 Re2 26. Rc8+ Kf7 27. Bc5 Rxa2 28. Rf8+ Kg6 29. Re1 Rf7 30. Re6+ Rf6 31. Rexf6+ gxf6 32. g3 Nc3 33. Kg2 Ne4 34. Bd4 a5 35. Rg8+ Kf7 36. Ra8 Ra3 37. Ra7+ Kg6 38. Rb7 Ra2 39. Rb5 h6 40. Be3 a4 41. bxa4 Rxa4 42. Rb8 Ng5 43. h4 Nf7 44. Rb6 h5 45. Bc5 Ne5 46. Rb7 f4 47. gxf4 Rxf4 48. Rb4 Rxb4 1/2-1/2

[Event "BCF-ch Major"]
[Site "Hull"]
[Date "2024.07.30"]
[Round "4"]
[White "Yoon, Jacob D"]
[Black "Bharat Kumar, Balahari"]
[Result "1-0"]
[WhiteElo "2118"]
[BlackElo "1989"]
[PlyCount "99"]
[EventDate "2024.07.27"]
[EventType "swiss"]
[EventRounds "9"]
[EventCountry "ENG"]
[SourceTitle "CBM 221 Extra"]
[Source "ChessBase"]
[SourceDate "2024.09.30"]
[SourceVersion "1"]
[SourceVersionDate "2024.09.30"]
[SourceQuality "1"]

1. d4 d5 2. c4 dxc4 3. e3 Nf6 4. Nc3 e6 5. Nf3 c5 6. Bxc4 a6 7. a4 Nc6 8. 0-0 cxd4 9. exd4 Be7 10. Bf4 0-0 11. Rc1 Nb4 12. Ne5 Bd7 13. Re1 Bc6 14. Nxc6 bxc6 15. Be5 a5 16. Qf3 Nbd5 17. Bd3 Qb6 18. Qh3 h6 19. Re2 Nd7 20. Qg4 Nxe5 21. dxe5 Qb4 22. Ne4 Rac8 23. h4 Kh8 24. Rc4 Qb3 25. Nc3 Nxc3 26. Rxc3 Qd5 27. Bc2 c5 28. Rd3 Qc6 29. Rg3 Rg8 30. Rf3 Rgf8 31. Rg3 Rg8 32. Qh5 Qe8 33. Qf3 g6 34. h5 Rd8 35. hxg6 fxg6 36. Re4 Bg5 37. Reg4 Qf8 38. Qc3 Qe7 39. f4 Bh4 40. Rh3 g5 41. g3 Qb7 42. Rh2 Rd4 43. gxh4 Rxf4 44. Rhg2 Rf3 45. Be4 Rxc3 46. Bxb7 Rc1+ 47. Kh2 Rb8 48. Bc6 Re1 49. hxg5 h5 50. Rh4 1-0

[Event "BCF-ch Major"]
[Site "Hull"]
[Date "2024.07.28"]
[Round "2"]
[White "Yoon, Jacob D"]
[Black "Lebedev, Lion"]
[Result "1-0"]
[WhiteElo "2118"]
[BlackElo "1941"]
[PlyCount "51"]
[EventDate "2024.07.27"]
[EventType "swiss"]
[EventRounds "9"]
[EventCountry "ENG"]
[SourceTitle "CBM 221 Extra"]
[Source "ChessBase"]
[SourceDate "2024.09.30"]
[SourceVersion "1"]
[SourceVersionDate "2024.09.30"]
[SourceQuality "1"]

1. d4 d5 2. c4 c6 3. Nc3 Nf6 4. e3 Bf5 5. f3 e6 6. g4 Bg6 7. h4 h5 8. g5 Ng8 9. Nge2 Bd6 10. Qb3 Qc7 11. c5 Bf8 12. e4 dxe4 13. Bf4 Qc8 14. fxe4 Nd7 15. Bh3 b6 16. cxb6 axb6 17. Bg3 Qa6 18. 0-0 0-0-0 19. Nf4 Ne7 20. Nxg6 Nxg6 21. Rxf7 Qd3 22. Kg2 Qd2+ 23. Rf2 Qxd4 24. Qxe6 Ne7 25. Rd1 Qc5 26. Rxd7 1-0

[Event "ECF Schools-ch"]
[Site "Nottingham"]
[Date "2024.06.28"]
[Round "4.1"]
[White "Korshunov, Sergey And"]
[Black "Yoon, Jacob D"]
[Result "1-0"]
[WhiteElo "2328"]
[BlackElo "2279"]
[PlyCount "83"]
[EventDate "2024.06.27"]
[EventType "team-swiss"]
[EventRounds "5"]
[EventCountry "ENG"]
[SourceTitle "EXT 2025"]
[Source "ChessBase"]
[SourceDate "2024.10.14"]
[SourceVersion "1"]
[SourceVersionDate "2024.10.14"]
[SourceQuality "1"]
[WhiteTeam "Woodbridge School"]
[BlackTeam "City of London School"]
[WhiteTeamCountry "ENG"]
[BlackTeamCountry "ENG"]

1. e4 g6 2. d4 Bg7 3. Nc3 d6 4. Be3 a6 5. h4 h6 6. Qd2 b5 7. 0-0-0 Bb7 8. f3 Nd7 9. Kb1 e6 10. Nh3 Ne7 11. Nf2 Nb6 12. a3 Qd7 13. g4 Rc8 14. d5 exd5 15. Bd4 0-0 16. Bxg7 Kxg7 17. g5 h5 18. Bh3 Qd8 19. exd5 Nbxd5 20. Nfe4 f5 21. gxf6+ Nxf6 22. Ng5 Qe8 23. Ne6+ Kh7 24. Nxf8+ Qxf8 25. Bxc8 Qxc8 26. Rde1 Nf5 27. Ne4 Nxe4 28. fxe4 Ng3 29. Rhg1 Nxe4 30. Qf4 Qe6 31. Rgf1 Bd5 32. Re3 Qe5 33. Qxe5 dxe5 34. Rfe1 Nd2+ 35. Kc1 Nc4 36. Rd3 c6 37. b3 Nxa3 38. Kb2 b4 39. c4 Be6 40. Rxe5 Bf5 41. Re7+ Kh6 42. Rd8 1-0

[Event "ECF Schools-ch"]
[Site "Nottingham"]
[Date "2024.06.27"]
[Round "1.1"]
[White "Yoon, Jacob D"]
[Black "Sanfey, Gregor"]
[Result "1-0"]
[WhiteElo "2279"]
[BlackElo "1767"]
[PlyCount "43"]
[EventDate "2024.06.27"]
[EventType "team-swiss"]
[EventRounds "5"]
[EventCountry "ENG"]
[SourceTitle "EXT 2025"]
[Source "ChessBase"]
[SourceDate "2024.10.14"]
[SourceVersion "1"]
[SourceVersionDate "2024.10.14"]
[SourceQuality "1"]
[WhiteTeam "City of London School"]
[BlackTeam "The Latymer School"]
[WhiteTeamCountry "ENG"]
[BlackTeamCountry "ENG"]

1. d4 b6 2. c4 Bb7 3. Nf3 e6 4. g3 f5 5. Bg2 Nf6 6. 0-0 Be7 7. Nc3 d6 8. Qc2 Qc8 9. c5 dxc5 10. dxc5 Bxc5 11. b4 Bd6 12. Nb5 Nc6 13. Rd1 Ke7 14. Nxd6 cxd6 15. Bf4 Ne5 16. Qa4 Nxf3+ 17. Bxf3 d5 18. Rac1 Qe8 19. Rc7+ Kd8 20. Qc2 Ba6 21. Rxg7 Rc8 22. Bc7+ 1-0

[Event "Leamington Spa 4NCL op 26th"]
[Site "Leamington Spa"]
[Date "2021.09.12"]
[Round "5"]
[White "Yoon, Jacob D"]
[Black "Shearsby, Jude"]
[Result "1-0"]
[WhiteElo "2116"]
[BlackElo "1762"]
[PlyCount "33"]
[EventDate "2021.09.10"]
[EventType "swiss"]
[EventRounds "5"]
[EventCountry "ENG"]
[SourceTitle "CBM 204 Extra"]
[Source "ChessBase"]
[SourceDate "2021.11.30"]
[SourceVersion "1"]
[SourceVersionDate "2021.11.30"]
[SourceQuality "1"]

1. e4 g6 2. d4 Bg7 3. Be3 d6 4. Nc3 a6 5. f4 b5 6. Nf3 Bb7 7. Bd3 Nd7 8. 0-0 Ngf6 9. e5 Nd5 10. Nxd5 Bxd5 11. a4 b4 12. c4 bxc3 13. bxc3 Nb6 14. a5 Nc4 15. Qa4+ Qd7 16. Bxc4 Qxa4 17. Rxa4 1-0